000 00500nam a2200205Ia 4500
005 20240823021112.0
008 240823s9999||||xx |||||||||||||| ||und||
020 _a81-87134-01-1
041 _aENGLISH
082 _A536.7 P6
100 _aGupta A B
245 0 _aThermal Physics ( Heat and Thermodynamics)
250 _a1st
260 _c2006
_b"Books and Allied,Ko"
_aKolkata
500 _aTRANSFERED
650 _aThermal
_bPhysics
700 _a Roy H P
942 _cBK
999 _c176288
_d176288